Surantigua.

Bibliographic Details
Corporate Author: Agrupación Vocal Surantigua
Format: Libro
Language:Spanish
Published: Chile 1997
Subjects:

MARC

LEADER 00000cam a2200000 a 4500
001 027497
003 UAHC_CL
005 20170803122819.0
008 140204b1997 cl 000 spa
040 |a UAHC_CL  |c UAHC_CL  |d UAHC_CL 
245 1 0 |a Surantigua. 
260 |a Chile  |c 1997 
300 |a 1 cd rom (min.) 
505 0 |a Contiene. 1 disco 
650 4 |a MUSICA 
710 1 |a Agrupación Vocal Surantigua 
900 |a CD-276 
942 |c BK 
952 |0 0  |1 0  |4 0  |6 CD_276  |7 0  |8 Hemeroteca  |9 54914  |a BC  |b BC  |c Hemeroteca  |d 2017-08-03  |l 0  |o CD-276  |p 1405769  |r 2019-12-02 00:00:00  |t 1  |w 2017-08-03  |y BK 
999 |c 27497  |d 27497